[Event "Balaguer op 13th"]
[Site "Balaguer"]
[Date "2008.07.14"]
[Round "1"]
[White "Bruned, Vianney"]
[Black "Pogorelov, Ruslan"]
[Result "0-1"]
[WhiteElo "1919"]
[BlackElo "2459"]
[PlyCount "92"]
[EventDate "2008.07.14"]
[EventType "swiss"]
[EventRounds "10"]
[EventCountry "ESP"]
[SourceTitle "CBM 125 Extra"]
[Source "ChessBase"]
[SourceDate "2008.09.01"]
[SourceVersion "1"]
[SourceVersionDate "2008.09.01"]
[SourceQuality "1"]

1. e4 c5 2. Nf3 Nc6 3. d4 cxd4 4. Nxd4 e6 5. Nb5 d6 6. Bf4 e5 7. Be3 a6 8. N5c3 Nf6 9. Bg5 Be7 10. Bxf6 Bxf6 11. Nd2 0-0 12. Bc4 Be6 13. 0-0 Rc8 14. Bxe6 fxe6 15. Nf3 Nd4 16. Qd3 Qb6 17. Rab1 Nxf3+ 18. gxf3 Be7 19. Ne2 Rf6 20. c3 Rcf8 21. Kg2 Qc6 22. Rbd1 Qe8 23. Rfe1 Qg6+ 24. Ng3 h5 25. h4 Rf4 26. Rh1 Qf7 27. Rdf1 Rxf3 28. Qd2 Rf4 29. Qe2 g6 30. f3 Bxh4 31. Rh3 Bxg3 32. Rxg3 h4 33. Rh3 g5 34. Kh1 Qe7 35. Rg1 Kf7 36. Qd3 Rg8 37. Rg4 Rxg4 38. fxg4 Kg6 39. Kg2 Rf8 40. Rf3 Rxf3 41. Qxf3 Qf6 42. Qd3 Qf4 43. Qxd6 Qxe4+ 44. Kf1 Qxg4 45. Qe7 Qf3+ 46. Ke1 e4 0-1

[Event "Rohde op 07th"]
[Site "Sautron"]
[Date "2007.11.02"]
[Round "8"]
[White "Bruned, Vianney"]
[Black "Le Ruyet, Leopold"]
[Result "1/2-1/2"]
[WhiteElo "1922"]
[BlackElo "2107"]
[PlyCount "32"]
[EventDate "2007.10.27"]
[EventType "swiss"]
[EventRounds "9"]
[EventCountry "FRA"]
[SourceTitle "EXT 2008"]
[Source "ChessBase"]
[SourceDate "2007.11.25"]
[SourceVersion "1"]
[SourceVersionDate "2007.11.25"]
[SourceQuality "1"]

1. e4 c5 2. Nf3 d6 3. d4 cxd4 4. Nxd4 Nf6 5. Nc3 a6 6. Bg5 e6 7. f4 Nbd7 8. Qf3 Qc7 9. 0-0-0 b5 10. Bd3 Bb7 11. Rhe1 b4 12. Nce2 Be7 13. g4 h6 14. Bxf6 Bxf6 15. Kb1 Qb6 16. Qe3 g5 1/2-1/2

[Event "EU-ch 8th"]
[Site "Dresden"]
[Date "2007.04.12"]
[Round "9"]
[White "Bruned, Vianney"]
[Black "Hesselbarth, Karlheinz"]
[Result "1-0"]
[WhiteElo "1929"]
[BlackElo "1929"]
[PlyCount "63"]
[EventDate "2007.04.03"]
[EventType "swiss"]
[EventRounds "11"]
[EventCountry "GER"]
[SourceTitle "CBM 118"]
[Source "ChessBase"]
[SourceDate "2007.05.31"]
[SourceVersion "1"]
[SourceVersionDate "2007.05.31"]
[SourceQuality "1"]

1. e4 e5 2. Nf3 Nc6 3. Bb5 a6 4. Bxc6 dxc6 5. Nc3 Bd6 6. d4 exd4 7. Qxd4 f6 8. Be3 Ne7 9. 0-0-0 Be6 10. h4 c5 11. Qd3 Nc6 12. Nd5 Qd7 13. a3 0-0-0 14. Nd2 Rhe8 15. Nc4 Kb8 16. Nxd6 cxd6 17. Nf4 Ne5 18. Qc3 Qf7 19. f3 Qc7 20. Nxe6 Rxe6 21. Rd5 b6 22. Rhd1 Kb7 23. Qb3 c4 24. Qb4 b5 25. a4 Nc6 26. Qc3 Ne7 27. Rh5 bxa4 28. Rxh7 Nc8 29. Qb4+ Ka8 30. Qxa4 d5 31. Bh6 Rd7 32. exd5 1-0

[Event "EU-ch 8th"]
[Site "Dresden"]
[Date "2007.04.03"]
[Round "1"]
[White "Iotov, Valentin"]
[Black "Bruned, Vianney"]
[Result "1-0"]
[WhiteElo "2491"]
[BlackElo "1929"]
[PlyCount "49"]
[EventDate "2007.04.03"]
[EventType "swiss"]
[EventRounds "11"]
[EventCountry "GER"]
[SourceTitle "CBM 118"]
[Source "ChessBase"]
[SourceDate "2007.05.31"]
[SourceVersion "1"]
[SourceVersionDate "2007.05.31"]
[SourceQuality "1"]

1. d4 Nf6 2. c4 e6 3. Nc3 Bb4 4. e3 c5 5. Nf3 Nc6 6. Bd3 Bxc3+ 7. bxc3 d6 8. e4 e5 9. d5 Ne7 10. Nd2 Qa5 11. Qc2 Bd7 12. Nf1 0-0-0 13. Ne3 g6 14. 0-0 Nh5 15. g3 Bh3 16. Ng2 f6 17. Bd2 g5 18. Be2 g4 19. f3 Rhg8 20. fxg4 Bxg4 21. Qd1 f5 22. Bxg4 fxg4 23. Rf7 Qc7 24. Qe2 Rdf8 25. Rxf8+ 1-0

[Event "Cannes op"]
[Site "Cannes"]
[Date "2007.02.18"]
[Round "1"]
[White "Pepino, Enrico"]
[Black "Bruned, Vianney"]
[Result "1-0"]
[WhiteElo "2189"]
[BlackElo "1945"]
[PlyCount "67"]
[EventDate "2007.02.18"]
[EventType "swiss"]
[EventRounds "9"]
[EventCountry "FRA"]
[SourceTitle "CBM 116 Extra"]
[Source "ChessBase"]
[SourceDate "2007.03.07"]
[SourceVersion "1"]
[SourceVersionDate "2007.03.07"]
[SourceQuality "1"]

1. e4 c5 2. Nf3 d6 3. d4 cxd4 4. Nxd4 Nf6 5. Nc3 a6 6. Be3 Ng4 7. Bc4 Nxe3 8. fxe3 e6 9. 0-0 Qc7 10. Bb3 Nc6 11. Qh5 g6 12. Qf3 Bg7 13. Ndb5 axb5 14. Nxb5 Qd7 15. Nxd6+ Kd8 16. Nxf7+ Kc7 17. Nxh8 Bxh8 18. Rad1 Qe7 19. Qf7 Bxb2 20. Qg8 Ne5 21. Rf8 Nd7 22. Rf7 Qc5 23. Qxh7 Qxe3+ 24. Kh1 Qxe4 25. Rfxd7+ Bxd7 26. Qxd7+ Kb6 27. Qd6+ Qc6 28. Qb4+ Kc7 29. Qe7+ Kb6 30. Rd6 Ba3 31. Rxc6+ bxc6 32. Qxe6 Rf8 33. g3 Bc5 34. Ba4 1-0

[Event "Le Touquet op 21st"]
[Site "Le Touquet"]
[Date "2006.10.31"]
[Round "5"]
[White "Bruned, Vianney"]
[Black "Ringoir, Tanguy"]
[Result "0-1"]
[WhiteElo "1931"]
[BlackElo "2185"]
[PlyCount "74"]
[EventDate "2006.10.28"]
[EventType "swiss"]
[EventRounds "9"]
[EventCountry "FRA"]
[SourceTitle "EXT 2007"]
[Source "ChessBase"]
[SourceDate "2006.11.23"]
[SourceVersion "1"]
[SourceVersionDate "2006.11.23"]
[SourceQuality "1"]

1. e4 c5 2. Nf3 Nc6 3. d4 cxd4 4. Nxd4 g6 5. Nc3 Bg7 6. Be3 Nf6 7. Bc4 0-0 8. f3 Qb6 9. Nce2 Qb4+ 10. Qd2 Qxc4 11. 0-0 Nxd4 12. Nxd4 d6 13. c3 Bd7 14. b3 Qc7 15. Rac1 b5 16. c4 bxc4 17. Rxc4 Qb7 18. Rfc1 Rfc8 19. Rxc8+ Rxc8 20. Rxc8+ Bxc8 21. Qa5 Qb6 22. Qxb6 axb6 23. Nc6 Bb7 24. Nxe7+ Kf8 25. Nd5 Nxd5 26. exd5 b5 27. Kf2 b4 28. Bd2 Bd4+ 29. Ke2 Bb6 30. Kd1 Bc5 31. Bg5 Ba6 32. Kd2 Bb7 33. Kd3 Bxd5 34. Be3 Ke7 35. Bxc5 dxc5 36. Ke3 Ke6 37. Kf4 c4 0-1

[Event "Le Touquet op 21st"]
[Site "Le Touquet"]
[Date "2006.10.30"]
[Round "3"]
[White "Bruned, Vianney"]
[Black "Andrieu, Philippe"]
[Result "0-1"]
[WhiteElo "1931"]
[BlackElo "2034"]
[PlyCount "110"]
[EventDate "2006.10.28"]
[EventType "swiss"]
[EventRounds "9"]
[EventCountry "FRA"]
[SourceTitle "EXT 2007"]
[Source "ChessBase"]
[SourceDate "2006.11.23"]
[SourceVersion "1"]
[SourceVersionDate "2006.11.23"]
[SourceQuality "1"]

1. e4 Nc6 2. d4 e5 3. Nf3 exd4 4. Nxd4 Bc5 5. Be3 Qf6 6. c3 Nge7 7. Bc4 Ne5 8. Bb3 Qg6 9. 0-0 Ng4 10. Bf4 d6 11. Nd2 0-0 12. Kh1 Qf6 13. Be3 Nxe3 14. fxe3 Qg6 15. Rf4 Be6 16. Qf3 Qh6 17. Rf1 Bxb3 18. N2xb3 Bxd4 19. exd4 f6 20. h3 Ng6 21. Rg4 Rad8 22. Qg3 Rd7 23. Rf5 Rdf7 24. Qf2 Rd7 25. Qg3 Ne7 26. Rf1 f5 27. Rgf4 Qe6 28. Kg1 Rf6 29. exf5 Nxf5 30. Qf2 Rdf7 31. Re1 Qd7 32. Rfe4 Rf8 33. d5 R6f7 34. c4 Qa4 35. Qc2 Ng3 36. Rh4 g6 37. Qc3 Rf1+ 38. Rxf1 Ne2+ 39. Kh2 Nxc3 40. Rxf8+ Kxf8 41. bxc3 Qxa2 42. Nd4 Kg8 43. Ne6 h5 44. Rf4 h4 45. Rf8+ Kh7 46. Rf7+ Kh6 47. Rxc7 Qb3 48. Rc8 Qxc3 49. Ra8 a5 50. Ra7 Qb2 51. Kh1 b6 52. Ra8 Qa1+ 53. Kh2 a4 54. Nc7 a3 55. Nb5 a2 0-1

[Event "Andorra op 24th"]
[Site "Andorra"]
[Date "2006.07.09"]
[Round "2"]
[White "Sethuraman, SP."]
[Black "Bruned, Vianney"]
[Result "1-0"]
[WhiteElo "2290"]
[BlackElo "1948"]
[PlyCount "57"]
[EventDate "2006.07.08"]
[EventType "swiss"]
[EventRounds "9"]
[EventCountry "AND"]
[SourceTitle "EXT 2022"]
[Source "ChessBase"]
[SourceDate "2021.10.06"]
[SourceVersion "1"]
[SourceVersionDate "2021.10.06"]
[SourceQuality "1"]

1. e4 c5 2. Nf3 d6 3. d4 cxd4 4. Nxd4 Nf6 5. Nc3 a6 6. Be3 Ng4 7. Bc1 Nf6 8. f3 e6 9. Be3 Be7 10. Qd2 Qc7 11. g4 Nc6 12. 0-0-0 Rb8 13. g5 Nd7 14. h4 b5 15. Nxc6 Qxc6 16. h5 b4 17. Ne2 Ne5 18. Nd4 Qc7 19. Kb1 Nc4 20. Bxc4 Qxc4 21. g6 fxg6 22. hxg6 h5 23. Bg5 Bxg5 24. Qxg5 Qc5 25. Qxc5 dxc5 26. Nc6 Bd7 27. Nxb8 Bb5 28. Rd6 Ke7 29. Rb6 1-0

[Event "Balaguer op 10th"]
[Site "Balaguer"]
[Date "2005.07.26"]
[Round "9"]
[White "Bruned, Vianney"]
[Black "Hernandez Onna, Roman"]
[Result "0-1"]
[WhiteElo "1933"]
[BlackElo "2373"]
[PlyCount "120"]
[EventDate "2005.07.18"]
[EventType "swiss"]
[EventRounds "9"]
[EventCountry "ESP"]
[SourceTitle "CBM 107 Extra"]
[Source "ChessBase"]
[SourceDate "2005.09.01"]
[SourceVersion "1"]
[SourceVersionDate "2005.09.01"]
[SourceQuality "1"]

1. e4 e5 2. Nf3 d6 3. d4 Nd7 4. Nc3 c6 5. dxe5 dxe5 6. Be3 Ngf6 7. h3 Bb4 8. Bd3 Qe7 9. 0-0 Bxc3 10. bxc3 Nc5 11. Nd2 0-0 12. Qe2 Ne6 13. Nc4 Qc7 14. Rfd1 b6 15. Qf3 b5 16. Nd2 a6 17. a4 Bb7 18. c4 bxa4 19. Rxa4 c5 20. Nb3 Rad8 21. Rda1 Nd7 22. Qg4 Bc8 23. Ra5 Nb8 24. Qg3 Nc6 25. R5a3 Qe7 26. Na5 Nxa5 27. Rxa5 f6 28. R1a2 Rf7 29. Be2 Qb7 30. Bg4 Qxe4 31. Bf3 Qxc4 32. Bh5 Rc7 33. Kh2 Nd4 34. Bxd4 cxd4 35. Bd1 Qe6 36. Be2 Rc3 37. Qh4 e4 38. Bg4 Qd6+ 39. g3 d3 40. Bxc8 Rdxc8 41. Rxa6 Qc5 42. cxd3 exd3 43. R6a5 Qc6 44. Ra6 Qd5 45. R6a5 R3c5 46. Rxc5 Rxc5 47. Qa4 Kf7 48. Rd2 Rc1 49. Rd1 d2 50. Qg4 Rxd1 51. Qxd1 Qd3 52. Kg1 g6 53. h4 h5 54. f3 Qe3+ 55. Kf1 Kg7 56. f4 Qd3+ 57. Kf2 Qc3 58. Kg2 Qe3 59. Kf1 Qxg3 60. Qxd2 Qxh4 0-1

[Event "Salou op 07th"]
[Site "Salou"]
[Date "2005.05.21"]
[Round "2"]
[White "Tscharotschkin, Michael"]
[Black "Bruned, Vianney"]
[Result "1-0"]
[WhiteElo "2211"]
[BlackElo "1907"]
[PlyCount "51"]
[EventDate "2005.05.20"]
[EventType "swiss"]
[EventRounds "9"]
[EventCountry "ESP"]
[SourceTitle "CBM 106 Extra"]
[Source "ChessBase"]
[SourceDate "2005.07.01"]
[SourceVersion "1"]
[SourceVersionDate "2005.07.01"]
[SourceQuality "1"]

1. e4 c5 2. c3 d5 3. exd5 Qxd5 4. d4 Nf6 5. Nf3 Nc6 6. Be2 e6 7. 0-0 Be7 8. Be3 c4 9. Nbd2 b5 10. a4 Ba6 11. axb5 Bxb5 12. b3 Ne4 13. Nxe4 cxb3 14. c4 Bxc4 15. Bxc4 Qxc4 16. Ned2 Qd5 17. Qxb3 Qxb3 18. Nxb3 Rb8 19. Na5 Nb4 20. Rfc1 Nd3 21. Rc7 a6 22. Nc6 Bd6 23. Nxb8 Bxc7 24. Nxa6 Kd7 25. Nxc7 Kxc7 26. Ra7+ 1-0

[Event "Metz op 23rd"]
[Site "Metz"]
[Date "2005.??.??"]
[Round "2"]
[White "Sailer, Douglas"]
[Black "Bruned, Vianney"]
[Result "1/2-1/2"]
[WhiteElo "2178"]
[BlackElo "1907"]
[PlyCount "35"]
[EventDate "2005.04.16"]
[EventType "swiss"]
[EventRounds "9"]
[EventCountry "FRA"]
[SourceTitle "EXT 2007"]
[Source "ChessBase"]
[SourceDate "2006.11.23"]
[SourceVersion "1"]
[SourceVersionDate "2006.11.23"]
[SourceQuality "1"]

1. e4 c5 2. Nc3 Nc6 3. Bb5 Nd4 4. Nf3 Nxb5 5. Nxb5 a6 6. Nc3 e6 7. d4 cxd4 8. Qxd4 b5 9. Bf4 Bb7 10. 0-0 f6 11. Bd6 Bxd6 12. Qxd6 Ne7 13. Rad1 Rc8 14. Nd4 Qc7 15. Qb4 Qc4 16. Qd6 Qc7 17. Qb4 Qc4 18. Qd6 1/2-1/2